BPMN 2.0: Introduction to the standard for Business Process Modeling

Պահպանված է:
Մատենագիտական մանրամասներ
Հիմնական հեղինակ: Allweyer, Thomas (Հեղինակ)
Ձևաչափ: Գիրք
Լեզու:անգլերեն
Հրապարակվել է: Books on Demand 2010
Խորագրեր:
Ցուցիչներ: Ավելացրեք ցուցիչ
Չկան պիտակներ, Եղեք առաջինը, ով նշում է այս գրառումը!

MARC

LEADER 00000cam a2200000 a 4500
001 UCG8082
003 CL-VaPUC
008 111118e20100000GW |||||||||||||||||eng|d
020 |a 9783839149850 
082 0 4 |a 658.8  |b ALL  |2 21 
100 0 |a Allweyer, Thomas  |e author  |9 558636 
245 1 0 |a BPMN 2.0: Introduction to the standard for Business Process Modeling 
300 |a 153 p 
942 |c BK 
945 |d 20111118 00:00:00  |a dcastane 
260 |b Books on Demand  |c 2010 
650 0 |a Producción  |x Planificación  |9 260672 
650 0 |a Producción   |9 263680 
650 0 |a Gestión de la producción   |9 259467 
650 0 |a Business process modeling notation(BPMN)  |9 543872 
583 |a last modification  |c 20111118 11:09:00  |k Rodrigo Vera 
999 |c 345721  |d 345719 
952 |0 0  |1 0  |4 0  |6 658_800000000000000_ALL_2010  |7 0  |8 A  |9 445527  |a BIBING  |b BIBING  |d 2019-11-22  |i 4803027  |l 3  |m 2  |o 658.8 ALL 2010  |p 4803027  |r 2025-01-20  |s 2024-12-05  |w 2019-11-22  |y BK  |k EII